Statistics for All Scottish Premiership Teams Ever

Click here to take the quiz!

General Stats

  • This quiz has been taken 36 times
  • The average score is 14 of 19

Answer Stats

Last Season in LeagueAnswer% Correct
2021-22Celtic
100%
2021-22Rangers
100%
2021-22Aberdeen
97%
2021-22Heart of Midlothian
94%
2021-22Dundee
91%
2021-22Hibernian
88%
2021-22Dundee United
84%
2016-17Inverness Caledonian Thistle
84%
2020-21Kilmarnock
84%
2021-22Motherwell
75%
2021-22St Johnstone
75%
2021-22St Mirren
69%
2021-22Livingston
66%
2017-18Partick Thistle
66%
2021-22Ross County
63%
2009-10Falkirk
53%
2020-21Hamilton Academical
53%
2011-12Dunfermline Athletic
44%
2007-08Gretna
28%

Score Distribution

Percentile by Number Answered

Percent of People with Each Score

Your Score History

You have not taken this quiz